| 000 | 00371nam a2200157Ia 4500 | ||
|---|---|---|---|
| 008 | 230917s9999||||xx |||||||||||||| ||und|| | ||
| 040 |
_e183741 _aMAIN |
||
| 041 | _aEnglish | ||
| 082 | _a346.03 S92A | ||
| 100 | _aShukla , M. N | ||
| 245 | 0 | _aApkarita Vidhi | |
| 250 | _a19th ed. | ||
| 260 |
_aAllahabad _bCentral Law Agency _c1998 |
||
| 300 | _a320 p. | ||
| 942 | _cBK | ||
| 999 |
_c100400 _d100400 |
||